Právna úprava a daňová problematika organizácií neziskového sektora v SR od 1. januára 2007
Predmet dane neziskových organizácií. Právne postavenie neziskovej organizácie. Založenie a vznik neziskovej organizácie. Zrušenie a zánik neziskovej organizácie. Hospodárenie neziskovej organizácie. Právne postavenie nadácie. Založenie a vznik nadácie. Zrušenie a zánik nadácie. Použitie majetku nad...
Saved in:
| Main Author: | |
|---|---|
| Format: | Book Chapter |
| Language: | Slovak |
| Subjects: | |
| Tags: |
No Tags, Be the first to tag this record!
|
MARC
| LEADER | 00000naa$a2200000$$$4500 | ||
|---|---|---|---|
| 001 | 0060122 | ||
| 005 | 20231013071817.8 | ||
| 041 | 0 | |a slo | |
| 044 | |a SK | ||
| 245 | 1 | 0 | |a Právna úprava a daňová problematika organizácií neziskového sektora v SR od 1. januára 2007 |c Miroslav Mečár |
| 520 | |a Predmet dane neziskových organizácií. Právne postavenie neziskovej organizácie. Založenie a vznik neziskovej organizácie. Zrušenie a zánik neziskovej organizácie. Hospodárenie neziskovej organizácie. Právne postavenie nadácie. Založenie a vznik nadácie. Zrušenie a zánik nadácie. Použitie majetku nadácie. Iné použitie majetku nadácie a nadačného imania. Účelová viazanosť prostriedkov. Sankcie. Ochrana anonymity darcu. | ||
| 610 | 2 | 0 | |a organizácie neziskové |
| 610 | 2 | 0 | |a nadácie |
| 610 | 2 | 0 | |a zdaňovanie |
| 610 | 2 | 0 | |a dane |
| 610 | 2 | 0 | |a dary |
| 610 | 2 | 0 | |a sankcie |
| 610 | 2 | 0 | |a úpravy právne |
| 100 | 1 | |a Mečár, Miroslav | |